Learning Resource and Development

Mga gunita ng himagsikan : (Record no. 550)

MARC details
000 -LEADER
fixed length control field 00647nam a22001937a 4500
005 - DATE AND TIME OF LATEST TRANSACTION
control field 20230512123157.0
008 - FIXED-LENGTH DATA ELEMENTS--GENERAL INFORMATION
fixed length control field 180115t xxu||||| |||| 00| 0 eng d
020 ## - INTERNATIONAL STANDARD BOOK NUMBER
International Standard Book Number 9719201843
040 ## - CATALOGING SOURCE
Transcribing agency CSPC
082 0# - DEWEY DECIMAL CLASSIFICATION NUMBER
Classification number 959.9031
Item number G956
245 00 - TITLE STATEMENT
Title Mga gunita ng himagsikan :
Remainder of title ni Heneral Emilio Aguinaldo
260 ## - PUBLICATION, DISTRIBUTION, ETC.
Place of publication, distribution, etc. Manila :
Name of publisher, distributor, etc. National Centennial Commission
-- Cavite Historical Society,
Date of publication, distribution, etc. 1998.
300 ## - PHYSICAL DESCRIPTION
Extent ii, 340 pages :
Other physical details images ;
Dimensions 23 cm.
651 #0 - SUBJECT ADDED ENTRY--GEOGRAPHIC NAME
Geographic name Philippines
General subdivision History
-- Revolution
Chronological subdivision 1898-1961.
940 ## - EQUIVALENCE OR CROSS-REFERENCE--UNIFORM TITLE [OBSOLETE] [CAN/MARC only]
Uniform title <a href="Lenie">Lenie</a>
942 ## - ADDED ENTRY ELEMENTS (KOHA)
Koha item type
-- FIL 959.9031 G956 1998
Holdings
Withdrawn status Lost status Damaged status Not for loan Home library Current library Shelving location Date acquired Total Checkouts Full call number Barcode Date last seen Date last checked out Copy number Price effective from Koha item type
        Main Library Main Library Filipiniana Section 05/12/2023 2 FIL 959.9031 G956 1998 007015 09/02/2025 08/14/2025 2-2 05/12/2023 Books
        Main Library Main Library Filipiniana Section 05/12/2023 3 FIL 959.9031 G956 1998 007014 10/03/2025 09/11/2025 1-2 05/12/2023 Books